Horror in the family

Bibliographic Details
Main Author: Sulaiman Abdul Rahman
Format: Book
Published: Selangor : Penerbit Prisma , 2005
Series:Read it yourself
Subjects:

MARC

LEADER 00000cam a2200000 7i4500
001 0000003245
005 20151222.0
008 070718
020 |a 9838772488(set) 
020 |a 9838772542 
090 0 0 |a JF   |b ENG 
100 0 |a Sulaiman Abdul Rahman 
245 1 0 |a Horror in the family   |c Sulaiman Abdul Rahman 
260 |a Selangor :   |b Penerbit Prisma ,   |c 2005 
440 |a Read it yourself 
500 |a Children ages 10-12 years old (pink) 
650 0 |a Ghost stories, English 
650 0 |a Horror tales 
999 |a 0000965111   |b Book   |c Children Collection   |e Cawangan Batu Pahat 
999 |a 0000965113   |b Book   |c Children Collection   |e Cawangan Taman Sri Lambak